<?xml version="1.0" encoding="UTF-8"?>
<record
    xmlns:xsi="http://www.w3.org/2001/XMLSchema-instance"
    xsi:schemaLocation="http://www.loc.gov/MARC21/slim http://www.loc.gov/standards/marcxml/schema/MARC21slim.xsd"
    xmlns="http://www.loc.gov/MARC21/slim">

  <leader>00416nam a22001697a 4500</leader>
  <controlfield tag="005">20260416094047.0</controlfield>
  <controlfield tag="008">260416b        |||||||| |||| 00| 0 eng d</controlfield>
  <datafield tag="020" ind1=" " ind2=" ">
    <subfield code="a">978-1-4641-8289-1</subfield>
  </datafield>
  <datafield tag="082" ind1=" " ind2=" ">
    <subfield code="a">339</subfield>
    <subfield code="b">MAG</subfield>
  </datafield>
  <datafield tag="100" ind1=" " ind2=" ">
    <subfield code="a">Mankiw, Gregory</subfield>
  </datafield>
  <datafield tag="245" ind1=" " ind2=" ">
    <subfield code="a">Macroeconomics</subfield>
  </datafield>
  <datafield tag="250" ind1=" " ind2=" ">
    <subfield code="a">9th</subfield>
  </datafield>
  <datafield tag="260" ind1=" " ind2=" ">
    <subfield code="a">NYC, 41 Madison Avenue</subfield>
    <subfield code="b">Worth publishers</subfield>
    <subfield code="c">2016</subfield>
  </datafield>
  <datafield tag="300" ind1=" " ind2=" ">
    <subfield code="a">642</subfield>
  </datafield>
  <datafield tag="650" ind1=" " ind2=" ">
    <subfield code="a">Management Science</subfield>
  </datafield>
  <datafield tag="942" ind1=" " ind2=" ">
    <subfield code="c">BK</subfield>
  </datafield>
  <datafield tag="999" ind1=" " ind2=" ">
    <subfield code="c">47324</subfield>
    <subfield code="d">47324</subfield>
  </datafield>
  <datafield tag="952" ind1=" " ind2=" ">
    <subfield code="0">0</subfield>
    <subfield code="w">2026-04-16</subfield>
    <subfield code="1">0</subfield>
    <subfield code="4">0</subfield>
    <subfield code="7">0</subfield>
    <subfield code="8">Management Science </subfield>
    <subfield code="a">AUKC</subfield>
    <subfield code="b">AUKC</subfield>
    <subfield code="c">Management Science</subfield>
    <subfield code="d">2026-04-16</subfield>
    <subfield code="g">2366.00</subfield>
    <subfield code="l">1</subfield>
    <subfield code="o">339 MAG</subfield>
    <subfield code="p">AUKHP0696</subfield>
    <subfield code="q">2026-06-15</subfield>
    <subfield code="r">2026-04-16 09:49:23</subfield>
    <subfield code="s">2026-04-16</subfield>
    <subfield code="y">BK</subfield>
  </datafield>
</record>
